Piłkarze z największą ilością goli+asyst (2021/22) - Statystyki

Ogólne statystyki
  • Ten quiz został rozwiązany 174 razy
  • Średni wynik to 5 z 12
Statystyki odpowiedzi
nr Gole + Asysty Odpowiedź % Poprawnych
3 38 Robert Lewandowski
91%
1 45 Kylian Mbappe
83%
8 29 Erling Haaland
71%
2 39 Karim Benzema
70%
4 36 Mohamed Salah
57%
10 27 Vinicius Jr
53%
6 30 Heung-Min Son
35%
6 30 Ciro Immobile
19%
5 33 Christopher Nkunku
17%
10 27 Dusan Vlahovic
10%
10 27 Patrik Schick
8%
8 29 Domenico Berardi
1%
Nie znaleziono quizów pasujących do podanych kryteriów
Rozkład punktacji
Procent ludzi z każdym wynikiem
Percentyl według liczby udzielonych odpowiedzi
Twoja historia wyników
Nie rozwiązałeś tego quizu